000 00553nmm a2200169Ia 4500
008 251105s9999||||xx |||||||||||||||||und||
020 _a9788437077345
041 _aspa
100 _aPatella, Giuseppe
245 0 _aBelleza, Arte y Vida :
_b La estética mediterránea de George Santayana
264 _a[Madrid, España] :
_bPublicaciones de la Universidad de Valencia (PUV),
_c2010
300 _a212 páginas
490 _aEstètica&Crítica
650 _aArts in general
856 _uhttps://public.digitaliapublishing.com/a/34774
942 _cCF
999 _c82508
_d82508